00451nam a22001337a 4500020001800000082001600018100002300034245007900057260002000136300002300156942001200179999001900191952010700210 a9781470162412 a531.11bKUM aKumar, Krishna Dev aFundamentals of Dynamics and Control of Space Systems /cKrishna Dev Kumar aCanada ,c2012. a349p. ;bPaperback 2ddccBK c594280d594280 00102ddc40709587750aSMMEbSMMEcALd2023-03-24o531.11 KUMpSMME-4014r2023-03-24w2023-03-24yBK